000 00708nam a22001937a 4500
999 _c160549
_d160549
005 20190204163524.0
010 _aB-713097
020 _c300.00
035 _aB-713097
037 _bRK Books
082 _a000
245 _aParamount test series:
_bSSC (Tier-I) with solutions /
260 _aDelhi
_bParamount Coaching Centre
_c2017
270 _a704, 1st Floor, Near Batra Cinema, Dr. Mukherjee Nagar
_bDelhi
_e110009
300 _a517p.
_c24cm(pbk)
505 _a20 Practice sets (121-140)
942 _2ddc
_cEN
_mSSC
_h000